Caribbean Quiz - Statistics

General Stats
  • This quiz has been taken 26 times
  • The average score is 12 of 17
Answer Stats
Hint Answer % Correct
The largest in terms of population and land country in Caribbean Cuba
100%
This country was hit by a earthquake wich cost the life to many people Haiti
92%
Name the biggest American territory in the Caribbean Puerto Rico
83%
Its largest island is called Trinidad Trinidad and Tobago
83%
Its capital is Santo Domingo Dominican republic
79%
Its capital is Bridgetown,the biggest capital in the lesser Antilles Barbados
75%
Curacao is a territory of wich country? Netherlands
71%
Its capital is Castries St Lucia
71%
It has a purple parrot in its flag making it the one of only two countries Dominica
63%
Saint Marteen is shared between two countries, name one of them France/Netherlands
63%
The country is named after a big city in Spain Grenada
58%
Name one French territory in the lesser antilles Guadeloupe/Martinique
58%
This country is the only one who doesn't have the colors White,Red or Blue in its Flag Jamaica
58%
Its flag has a sunset on a beach Antigua and Barbuda
54%
Its capital is Kingstown St Vincent and the Grenadines
54%
Is home to monkeys wich came from africa St Kitts and Nevis
50%
The country has swimming pigs Bahamas
42%
No matching quizzes found
Score Distribution
Percent of People with Each Score
Percentile by Number Answered
Your Score History
You have not taken this quiz